[Event "ch-RSSU"]
[Site "Moscow RUS"]
[Date "2010.12.08"]
[Round "8"]
[White "Nakhapetiane,P"]
[Black "Isajevsky,A"]
[Result "1-0"]
[WhiteElo "2467"]
[BlackElo "2430"]

1.e4 c5 2.Nf3 e6 3.d4 cxd4 4.Nxd4 a6 5.Nc3 Qc7 6.Bd3 Nf6 7.O-O Bc5 8.Nb3 Ba7
9.Bg5 d6 10.Bxf6 gxf6 11.Qg4 Nd7 12.a4 Rf8 13.Kh1 Nc5 14.Nd2 Nxd3 15.cxd3 Qc5
16.Nc4 Bd7 17.Qf4 Ke7 18.Rac1 Bb8 19.Nd5+ exd5 20.Ne3 Qd4 21.Nxd5+ Kd8 22.Qh6 Re8
23.Rc4 Qxb2 24.d4 Re6 25.Qf8+ Be8 26.Rfc1  1-0

[Event "48th ch-IND"]
[Site "New Delhi IND"]
[Date "2010.12.10"]
[Round "2"]
[White "Matta,V"]
[Black "Neelotpal,D"]
[Result "0-1"]
[WhiteElo "2274"]
[BlackElo "2486"]

1.e4 c5 2.Nf3 e6 3.d4 cxd4 4.Nxd4 a6 5.Nc3 Qc7 6.Bd3 Nf6 7.Qe2 Bd6 8.Nf3 Nc6
9.h3 b5 10.Bd2 Bb7 11.Bxb5 axb5 12.Nxb5 Qb8 13.Nxd6+ Qxd6 14.e5 Qc5 15.exf6 gxf6
16.Bc3 Rg8 17.Rg1 Nb4 18.a3 Nd5 19.Bd4 Qa5+ 20.Qd2 e5 21.b4 Qb5 22.Bb2 Nf4
23.Nd4 Qc4 24.O-O-O Be4 25.Rge1 Nd3+ 26.Kb1 Nxe1 27.Rxe1 d5 28.Rxe4 dxe4
29.Nf5 Qe6 30.g4 Rg6 31.b5 h5 32.Qe2 Qd5 33.Bc1 hxg4 34.hxg4 Rg8 35.b6 Qc6
36.Bb2 Qxb6 37.Kc1 Rb8 38.Bc3 Qb1+ 39.Kd2 Rd8+ 40.Ke3 Qb6+  0-1

[Event "Australian Masters"]
[Site "Canterbury AUS"]
[Date "2010.12.11"]
[Round "8"]
[White "Levi,Ed"]
[Black "Gorka,C"]
[Result "1/2-1/2"]
[WhiteElo "2228"]
[BlackElo "2179"]

1.e4 e6 2.Nf3 c5 3.Nc3 a6 4.d4 cxd4 5.Nxd4 b5 6.Bd3 Qb6 7.Nb3 Qc7 8.O-O Bb7
9.Qe2 d6 10.a4 b4 11.Na2 Nf6 12.Bd2 d5 13.exd5 Nxd5 14.Be4 a5 15.c3 Ba6 16.Bd3 Bxd3
17.Qxd3 Nc6 18.Rac1 Rd8 19.Qc4 Qb6 20.cxb4 Ncxb4 21.Nxb4 Bxb4 22.Bxb4 Qxb4
23.Qc6+ Ke7 24.Qc5+ Qxc5 25.Rxc5 Rb8 26.Nxa5 Rxb2 27.Ra1 Ra8 28.g3 Kd6 29.Rc6+ Kd7
30.Rc5 Kd6 31.Rc6+ Kd7 32.Rc5  1/2-1/2

[Event "48th ch-IND"]
[Site "New Delhi IND"]
[Date "2010.12.14"]
[Round "6"]
[White "Shyam,N"]
[Black "Neelotpal,D"]
[Result "1/2-1/2"]
[WhiteElo "2373"]
[BlackElo "2486"]

1.e4 c5 2.Nf3 e6 3.d4 cxd4 4.Nxd4 a6 5.Nc3 Qc7 6.Be2 Nf6 7.O-O d6 8.f4 Be7
9.Bf3 O-O 10.Kh1 Nc6 11.Nxc6 bxc6 12.Qe1 d5 13.b3 a5 14.e5 Nd7 15.Bb2 Ba6
16.Be2 Bb7 17.Qg3 Rae8 18.Nd1 f5 19.exf6 Bxf6 20.Bxf6 Nxf6 21.Nf2 e5 22.fxe5 Qxe5
23.Qxe5 Rxe5 24.Bf3 Rfe8 25.Nd3 Re3 26.Rfe1 g5 27.Rxe3 Rxe3 28.Re1 Rxe1+
29.Nxe1 Kf8 30.Nd3 Ke7 31.a3 Kd6 32.b4 axb4 33.axb4 Bc8 34.Nb2 Ke5 35.c3 Kf4
36.c4 g4 37.Bd1 Ke3 38.Ba4 Kd4 39.cxd5 Kc3 40.Nd1+ Kxb4 41.Bxc6 Kc5 42.Nc3 Bd7
43.Bxd7 Nxd7 44.Kg1 Kd4 45.Nd1 g3 46.hxg3 Kxd5 47.Kh2 Ke5 48.Kh3 Kf5 49.Kh4 Kg6
50.Nf2 h5 51.Nd3 Nf6 52.Ne5+ Kf5 53.Nc4 Kg6 54.Ne3 Ne4 55.Nd5 Kh6 56.Nf4  1/2-1/2

[Event "17th Open A"]
[Site "Zadar CRO"]
[Date "2010.12.14"]
[Round "4.9"]
[White "Jovanovic,Zo CRO"]
[Black "Rezan,S"]
[Result "1/2-1/2"]
[WhiteElo "2527"]
[BlackElo "2423"]

1.e4 c5 2.Nc3 e6 3.Nf3 a6 4.d4 cxd4 5.Nxd4 Qc7 6.Bd3 Nf6 7.O-O Bc5 8.Nb3 Be7
9.f4 d6 10.Qf3 Nbd7 11.Bd2 b5 12.a4 b4 13.Nd1 O-O 14.a5 Rb8 15.Nf2 e5 16.Qe2 Re8
17.f5 Bf8 18.Bg5 Bb7 19.Nd2 d5 20.Bxa6  1/2-1/2

[Event "Moscow Teams"]
[Site "Moscow RUS"]
[Date "2010.12.18"]
[Round "6"]
[White "Dzhangobegov,V"]
[Black "Lavrik,D"]
[Result "0-1"]
[WhiteElo "2267"]
[BlackElo "2413"]

1.e4 c5 2.Nf3 e6 3.d4 cxd4 4.Nxd4 a6 5.Nc3 b5 6.Bd3 d6 7.O-O Nf6 8.Qe2 Be7
9.a4 b4 10.Na2 Qb6 11.Be3 Qb7 12.Bd2 e5 13.Nb3 Nc6 14.Bc4 Be6 15.Rfc1 O-O
16.c3 bxc3 17.Rxc3 Nd4 18.Nxd4 exd4 19.Rg3 Bxc4 20.Qxc4 Nxe4 21.Rg4 Qxb2
22.Rxe4 Qxa1+ 23.Re1 Qb2 24.Bc1 Qb7 25.Qxd4 d5 26.Re3 Bf6 27.Qd3 Rfe8  0-1

[Event "European Rapid Championship"]
[Site "Warsaw POL"]
[Date "2010.12.18"]
[Round "1"]
[White "Ufimtsev,E"]
[Black "Gajewski,G"]
[Result "0-1"]
[WhiteElo "1826"]
[BlackElo "2555"]

1.e4 c5 2.Nf3 e6 3.d4 cxd4 4.Nxd4 a6 5.Nc3 Qc7 6.Be3 b5 7.Be2 Bb7 8.a3 Nf6
9.Bf3 d6 10.O-O Nbd7 11.Qd2 Ne5 12.Qe2 Be7 13.Bf4 Nxf3+ 14.Nxf3 O-O 15.Rfe1 Rac8
16.e5 Nd5 17.Nxd5 Bxd5 18.Rac1 dxe5 19.Nxe5 Qb7 20.Qg4 f6 21.Bh6 Bd6 22.Nd3 Rc4
23.f4 Kh8 24.Re3 gxh6 25.Rg3 Rc7 26.Qh4 Rg7 27.Qxh6 Rxg3 28.hxg3 Qg7 29.Qh4 Rg8
30.Kh2 Be7 31.Nf2 f5 32.Qh3 Qxb2 33.Rh1 Qxc2 34.Kg1 Qc1+ 35.Kh2 Qd2 36.Nd1 Bh4  0-1

[Event "European Rapid Championship"]
[Site "Warsaw POL"]
[Date "2010.12.18"]
[Round "1"]
[White "Gora,Ja"]
[Black "Almasi,Z"]
[Result "0-1"]
[WhiteElo "1891"]
[BlackElo "2721"]

1.e4 c5 2.Nf3 e6 3.d4 cxd4 4.Nxd4 a6 5.Nc3 Qc7 6.Be3 Nf6 7.Be2 Bb4 8.O-O Bxc3
9.bxc3 Nxe4 10.Bd3 Nf6 11.c4 d6 12.Qf3 Nbd7 13.Qg3 O-O 14.Bh6 Ne8 15.Bg5 Ne5
16.Qh4 Nxd3 17.cxd3 f6 18.Be3 e5 19.Ne2 Bf5 20.Rfd1 Qc6 21.Nc3 Nc7 22.Rab1 b5
23.Rb3 Be6 24.Ne4 Rac8 25.Rc1 Qd7 26.Rbc3 b4 27.Rb3 a5 28.a3 Na6 29.axb4 axb4
30.Ra1 Ra8 31.Bd2 Nc5 32.Rxa8 Rxa8 33.Rb1 b3  0-1

[Event "European Rapid Championship"]
[Site "Warsaw POL"]
[Date "2010.12.18"]
[Round "5"]
[White "Edouard,R"]
[Black "Gritsak,O"]
[Result "1-0"]
[WhiteElo "2636"]
[BlackElo "2539"]

1.e4 c5 2.Nf3 e6 3.d4 cxd4 4.Nxd4 a6 5.Nc3 d6 6.f4 b5 7.Bd3 Bb7 8.O-O Nf6
9.Qf3 Nbd7 10.Be3 Be7 11.a3 Rc8 12.Qg3 g6 13.Rad1 Nc5 14.e5 Nd5 15.Nxd5 Bxd5
16.Be2 Ne4 17.Qg4 O-O 18.exd6 Nxd6 19.f5 exf5 20.Nxf5 Nxf5 21.Rxf5 Be6 22.Rxd8 Rfxd8
23.Bd3 Rxd3 24.cxd3 Bxf5 25.Qd4 Bc5 26.Qe5 Bxe3+ 27.Qxe3 Rd8 28.d4 Be6 29.Qe5 h5
30.h3 Kh7 31.Qc5 Rd5 32.Qb6 Rg5 33.h4 Rg4 34.Qc5 Rxh4 35.Qe5 b4 36.d5 Bf5
37.Qf6 Rc4 38.d6 Rc1+ 39.Kh2 bxa3 40.Qxf7+ Kh6 41.Qf8+ Kh7 42.Qe7+ Kg8 43.d7 Bxd7
44.Qd8+  1-0

[Event "European Rapid Championship"]
[Site "Warsaw POL"]
[Date "2010.12.18"]
[Round "6"]
[White "Wieczorek,O"]
[Black "Simonian,H"]
[Result "0-1"]
[WhiteElo "2330"]
[BlackElo "2475"]

1.e4 c5 2.Nf3 e6 3.d4 cxd4 4.Nxd4 a6 5.Nc3 b5 6.Bd3 Bc5 7.Nb3 Be7 8.Qg4 g6
9.Qe2 Bb7 10.O-O h5 11.Be3 Qc7 12.Bd4 Nf6 13.Nd5 exd5 14.exd5 Kf8 15.Rae1 d6
16.f4 Bxd5 17.Bxg6 fxg6 18.f5 Nc6 19.fxg6 Ne5 20.Qe3 Qxc2 21.Bxe5 Qxg2+  0-1

[Event "European Rapid Championship"]
[Site "Warsaw POL"]
[Date "2010.12.18"]
[Round "7"]
[White "Janaszak,Daw"]
[Black "Gritsak,O"]
[Result "0-1"]
[WhiteElo "2319"]
[BlackElo "2539"]

1.e4 c5 2.Nf3 e6 3.d4 cxd4 4.Nxd4 a6 5.Nc3 d6 6.Be2 Nf6 7.O-O Nc6 8.Kh1 Nxd4
9.Qxd4 Bd7 10.f4 Bc6 11.Be3 Be7 12.a4 O-O 13.a5 Rc8 14.Bf3 Nd7 15.Qd2 Qc7
16.Rfd1 Rfd8 17.h3 Qb8 18.Qf2 Bf6 19.Bd4 Qc7 20.Rd2 h6 21.Kg1 Re8 22.Ra3 e5
23.fxe5 Nxe5 24.Be2 Qe7 25.Ra1 Bh4 26.Qf1 Qg5 27.Rad1 Bg3 28.Bb6 Nd7 29.Bc4 Rf8
30.Bd4 Ne5 31.Bb3 Kh8 32.Qf5 Qh4 33.Nd5 Bd7 34.Qf1 f5 35.Qe2 fxe4 36.Nb6 Bg4
37.Qxe4 Bxd1 38.Qxh4 Bxh4 39.Nxc8 Bh5 40.Nxd6 Be1 41.Bxe5 Bxd2 42.g4 Bg6
43.Nc4 Bb4 44.Bd4 Bf7 45.Ne5 Be8 46.Bb6 Bd6 47.Nd3 Bc6 48.Bd4 Rf3 49.Nf2 Bc7
50.Bc4 Bxa5 51.c3 Bc7  0-1

[Event "Bansko Grand Chess Open"]
[Site "Bansko BUL"]
[Date "2010.12.19"]
[Round "9.24"]
[White "Petrov,Martin"]
[Black "Collas,D"]
[Result "0-1"]
[WhiteElo "1939"]
[BlackElo "2420"]

1.e4 c5 2.Nf3 e6 3.d4 cxd4 4.Nxd4 a6 5.Nc3 Qc7 6.a3 Nf6 7.Be2 b5 8.O-O Bb7
9.Bf3 Nc6 10.Re1 Ne5 11.g3 Nxf3+ 12.Nxf3 d6 13.Qe2 Be7 14.Bd2 O-O 15.Rad1 Rfd8
16.Bf4 Nd7 17.Rd2 Nb6 18.Rb1 Nc4 19.Rd3 h6 20.Bc1 Bf6 21.Nd1 Rac8 22.c3 Qc6
23.Nd2 Nxd2 24.Qxd2 Qxe4 25.f3 Qf5 26.Qe2 h5 27.Nf2 d5 28.Be3 e5 29.Bb6 Re8
30.Rdd1 Bg5 31.Re1 Re6 32.Ba5 d4 33.Qd3 Qxf3 34.Qxf3 Bxf3 35.Nh3 Be3+ 36.Kf1 Rf6
37.Ra1 Bd5+ 38.Ke2 Bc4+ 39.Kd1 Bb3+  0-1

[Event "I Jorge Duarte IM"]
[Site "Buenos Aires ARG"]
[Date "2010.12.19"]
[Round "9"]
[White "Villanueva,Mar"]
[Black "Varela,G"]
[Result "1-0"]
[WhiteElo "2372"]
[BlackElo "2389"]

1.e4 c5 2.Nf3 e6 3.d4 cxd4 4.Nxd4 a6 5.Nc3 Qc7 6.Bd3 Nc6 7.Nxc6 bxc6 8.Qe2 Nf6
9.Bg5 Be7 10.e5 Nd5 11.Nxd5 cxd5 12.Bxe7 Kxe7 13.f4 Qb6 14.f5 exf5 15.O-O-O Rb8
16.b3 g6 17.Qd2 h5 18.Qg5+ Ke8 19.Be2 Bb7 20.Bf3 Qc5 21.Rd3 Rc8 22.Qd2 Kf8
23.Bxd5 Bxd5 24.Rxd5 Qa3+ 25.Kb1 Kg7 26.Rxd7 Rhe8 27.Re1 Re6 28.Rxf7+ Kxf7
29.Qd7+ Qe7 30.Qxc8 Rxe5 31.Qc4+ Kf8 32.Rxe5 Qxe5 33.Qxa6 Kf7 34.Qc4+ Ke7
35.h3 g5 36.a4 g4 37.hxg4 hxg4 38.Qb4+ Kd7 39.a5 Qd5 40.g3 Qe5 41.a6 Qxg3
42.Qa4+  1-0

[Event "European Rapid Championship"]
[Site "Warsaw POL"]
[Date "2010.12.19"]
[Round "9"]
[White "Gashimov,V"]
[Black "Gajewski,G"]
[Result "1-0"]
[WhiteElo "2733"]
[BlackElo "2555"]

1.e4 c5 2.Nc3 a6 3.Nf3 e6 4.d4 cxd4 5.Nxd4 Qc7 6.Bd3 Bd6 7.Nde2 Nf6 8.f4 e5
9.O-O Bc5+ 10.Kh1 d6 11.Ng3 Be6 12.f5 Bd7 13.Nh5 Nxh5 14.Nd5 Ng3+ 15.hxg3 Qd8
16.b4 Ba7 17.Qh5 h6 18.Bc4 Bb5 19.Bxb5+ axb5 20.Qe2 Nd7 21.Qxb5 Qc8 22.c3 Kf8
23.Bd2 h5 24.Kh2 Nf6 25.Nxf6 gxf6 26.Qd3 Ke7 27.Rfd1 Rg8 28.a4 Rg4 29.Be1 Qc6
30.a5 Rag8 31.b5 Qc5 32.Bf2 h4 33.Bxc5 hxg3+ 34.Kg1 Bxc5+ 35.Kf1 Rh8 36.Ke2 Rh2
37.Qf3 Bf2 38.Qxg4  1-0

[Event "European Rapid Championship"]
[Site "Warsaw POL"]
[Date "2010.12.19"]
[Round "12"]
[White "Socko,M"]
[Black "Almasi,Z"]
[Result "0-1"]
[WhiteElo "2495"]
[BlackElo "2721"]

1.e4 c5 2.Nf3 e6 3.d4 cxd4 4.Nxd4 a6 5.Nc3 Qc7 6.a3 Nf6 7.Be2 Bc5 8.Be3 O-O
9.O-O d6 10.Kh1 b5 11.f4 Bb7 12.Bf3 Nbd7 13.Qe2 Rac8 14.Rad1 Qb8 15.Nb3 Bxa3
16.bxa3 Rxc3 17.Bd4 Rcc8 18.e5 Bxf3 19.Rxf3 Nd5 20.exd6 Qxd6 21.f5 e5 22.Ba1 Qc6
23.Rg3 f6 24.Qd2 N7b6 25.Rd3 Nc4 26.Qf2 Nf4 27.Rd7 Ne3 28.R1d6 Qxc2  0-1

[Event "48th ch-IND"]
[Site "New Delhi IND"]
[Date "2010.12.21"]
[Round "12"]
[White "Saptarshi,R"]
[Black "Debashis,D"]
[Result "1-0"]
[WhiteElo "2382"]
[BlackElo "2411"]

1.e4 c5 2.Nf3 e6 3.d4 cxd4 4.Nxd4 a6 5.Nc3 d6 6.a4 Ne7 7.Nb3 Nec6 8.g3 Be7
9.Bg2 O-O 10.O-O Nd7 11.f4 b6 12.Be3 Bb7 13.Qe2 Re8 14.Rad1 Qc7 15.g4 Bf8
16.g5 Na5 17.Nxa5 bxa5 18.Rf3 Rab8 19.Rh3 g6 20.Qf2 Bg7 21.Rf1 Qc6 22.f5 gxf5
23.Qh4 Nf8 24.Rf2 Qc4 25.Bf1 Qb4 26.Bd3 fxe4 27.Bxe4 Bxe4 28.Nxe4 Rb7 29.c3 Qb3
30.Nf6+ Bxf6 31.gxf6 Qd1+ 32.Rf1 Qd3 33.Qh6 Qg6+ 34.Rg3 e5 35.Rxg6+ fxg6
36.f7+ Rxf7 37.Rxf7 Kxf7 38.Qh4  1-0

[Event "Azerbaijanian Solidarity Day"]
[Site "Baku AZE"]
[Date "2010.12.24"]
[Round "3.3"]
[White "Abasov,N"]
[Black "Heydarli,K"]
[Result "1-0"]
[WhiteElo "2505"]
[BlackElo "2402"]

1.e4 c5 2.Nf3 e6 3.d4 cxd4 4.Nxd4 a6 5.Nc3 Qc7 6.Be2 b5 7.O-O Bb7 8.Re1 Nf6
9.Bf3 d6 10.a4 bxa4 11.Rxa4 Nbd7 12.Bg5 Be7 13.Nb3 O-O 14.Na5 Ne5 15.Be2 Nc6
16.Nxb7 Qxb7 17.Qd2 Rfd8 18.b3 d5 19.exd5 Nxd5 20.Bxe7 Qxe7 21.Nxd5 Rxd5
22.Qc1 Nd4 23.Bxa6 Qd6 24.Bd3 Rd8 25.b4 Rh5 26.h3 Qc6 27.Ra5 f5 28.Qe3 Rh6
29.b5 Qb7 30.Kh1 Rg6 31.Rg1 Qc7 32.Rga1 h6 33.Ra8 Rxa8 34.Rxa8+ Kh7 35.Qxd4 Qb7
36.Be4 fxe4 37.Qd8 Rf6 38.Qg8+ Kg6 39.Qe8+ Kh7 40.Qc6 Qxc6 41.bxc6 Rf7 42.Re8 g5
43.c4 Kg7 44.Rxe6 Rxf2 45.c7 Rf8 46.Rc6 Rc8 47.Kg1 Kf7 48.Rxh6 Ke7 49.Rh7+ Kd6
50.Kf2 Kc6 51.Ke3 Re8 52.Re7  1-0

[Event "Czech Chess Christmas 2010-11"]
[Site "Litomysl CZE"]
[Date "2010.12.27"]
[Round "2.11"]
[White "Krupa,K"]
[Black "Jedlicka,A"]
[Result "1-0"]
[WhiteElo "2031"]
[BlackElo "2261"]

1.e4 c5 2.Nf3 e6 3.d4 cxd4 4.Nxd4 a6 5.Nc3 Qc7 6.g3 Bb4 7.Ne2 Nf6 8.Bg2 O-O
9.O-O Be7 10.Be3 d6 11.Kh1 Ng4 12.Bf4 Qb6 13.Kg1 Nc6 14.Na4 Qa5 15.Nec3 Nge5
16.b4 Nxb4 17.Bd2 Qd8 18.Rb1 Nbc6 19.Nb6 Rb8 20.f4 Nd7 21.Nca4 Nxb6 22.Nxb6 Bd7
23.Bc3 Be8 24.Rf2 d5 25.exd5 exd5 26.Nxd5 Bc5 27.Qg4 Bxf2+ 28.Kxf2 f6 29.Rd1 h5
30.Qf5 Qc8 31.Qd3 b5 32.Bb2 Rb7 33.Qb3 Bf7 34.Bxf6 Qf5 35.Bb2 b4 36.Qc4 Nd8
37.Be4 Qg4 38.Bf3 Qg6 39.Rd3 Kh8 40.Be4 Qh6 41.Qc8 Rb5 42.Nc7 Qb6+ 43.Bd4 Qb8
44.Qd7 Ra5 45.Qe7 Re8 46.Nxe8  1-0

[Event "Azerbaijanian Solidarity Day"]
[Site "Baku AZE"]
[Date "2010.12.28"]
[Round "9.2"]
[White "Orujov,S"]
[Black "Heydarli,K"]
[Result "0-1"]
[WhiteElo "2152"]
[BlackElo "2402"]

1.e4 c5 2.Nf3 e6 3.d4 cxd4 4.Nxd4 a6 5.Nc3 Qc7 6.a3 Nf6 7.Be3 b5 8.Bd3 Bb7
9.O-O Nc6 10.f4 Bc5 11.Nce2 Nxd4 12.Nxd4 Nxe4 13.Qg4 Nf6 14.Qh4 Nd5 15.Qh3 Nxe3
16.Qxe3 O-O 17.c3 f5 18.a4 bxa4 19.Bc2 Qb6 20.Bxa4 Qxb2 21.Qf2 Qxc3 22.Rfd1 d6
23.Kh1 Bxd4 24.Qxd4 Qxd4 25.Rxd4 Bd5 26.h4 Rab8 27.Bd1 Rb6 28.Rda4 Rc8 29.Be2 Rc2
30.Bf1 Bb7 31.h5 Rbb2 32.Rd4 Bd5 33.Rda4 Ra2 34.R4xa2 Rxa2 35.Rxa2 Bxa2 36.Bxa6 e5
37.fxe5 dxe5 38.Bc8 Bb1 39.Be6+ Kf8 40.Kh2 Ke7  0-1

[Event "27th Christmas Open"]
[Site "Geneva SUI"]
[Date "2010.12.29"]
[Round "6"]
[White "Schmid,Pab"]
[Black "Mollard,P"]
[Result "1-0"]
[WhiteElo "2082"]
[BlackElo "1832"]

1.e4 c5 2.Nf3 e6 3.d4 cxd4 4.Nxd4 a6 5.Nc3 Qc7 6.Bd3 Nf6 7.f4 Bb4 8.Bd2 Bc5
9.Nb3 Ba7 10.e5 Qb6 11.Rf1 Ng8 12.Qg4 g6 13.Ne4 f5 14.exf6 Nh6 15.Qg5 Nf7
16.Qg3 Nc6 17.c3 a5 18.Rf3 Qc7 19.Ng5 d6 20.Be3 a4 21.Nd2 Nxg5 22.Qxg5 Qf7
23.Nc4 Kd7 24.O-O-O Kc7 25.Nxd6 Qf8 26.Nb5+ Kb8 27.Bxa7+  1-0

[Event "Surfers Paradise Open"]
[Site "Gold Coast AUS"]
[Date "2010.12.29"]
[Round "8"]
[White "Ly,Mo"]
[Black "Nakauchi,G"]
[Result "1/2-1/2"]
[WhiteElo "2321"]
[BlackElo "2128"]

1.e4 c5 2.Nc3 e6 3.Nf3 a6 4.d4 cxd4 5.Nxd4 b5 6.Bd3 Bb7 7.O-O d6 8.Qe2 Be7
9.f4 Nf6 10.Kh1 O-O 11.a3 Re8 12.Nf3 g6 13.e5 dxe5 14.fxe5 Nd5 15.Ne4 Nd7
16.Qf2 Qc7 17.Qg3 f5 18.exf6 Qxg3 19.f7+ Kxf7 20.Nxg3 Kg8 21.Ne4 Nc5 22.Nxc5 Bxc5
23.Be4 Rab8 24.Bg5 Ne3 25.Bxe3 Bxe3 26.Bxb7 Rxb7 27.Rae1 Bh6 28.Re4 Bg7 29.c3 a5
30.g3 b4 31.axb4 axb4 32.cxb4 Bxb2 33.Rb1 Bg7 34.b5 Reb8 35.Reb4 Bf6 36.R4b3 Rd8
37.Ne1 Rd2 38.Nd3 Bd4 39.Ne1 Bg7 40.Rd3 Rxd3 41.Nxd3 Bd4 42.Kg2 e5 43.Kf3 Kf7
44.Ke4 Ke6 45.Ne1 Ra7 46.b6 Ra4 47.b7 Ba7+ 48.Kd3 e4+ 49.Kc3 Bb8 50.Nc2 Kd5
51.Rb4 Ra7 52.Ne3+ Kc6 53.Nc4 Kc7 54.Kd4 Rxb7 55.Rxb7+ Kxb7 56.Kd5 h5 57.Kxe4 h4
58.Ne5 hxg3 59.hxg3 Bd6 60.g4 Kc7 61.Kd5 g5 62.Ke6 Bc5 63.Nf7 Be3 64.Kf6 Kd7
65.Nxg5 Ke8  1/2-1/2

[Event "Berkeley Int Open"]
[Site "Berkeley USA"]
[Date "2011.01.02"]
[Round "2"]
[White "Erenburg,S"]
[Black "Ris,R"]
[Result "1-0"]
[WhiteElo "2600"]
[BlackElo "2418"]

1.e4 c5 2.Nf3 e6 3.Nc3 a6 4.d4 cxd4 5.Nxd4 Qc7 6.Bd3 Nf6 7.Qe2 Bd6 8.Bd2 Nc6
9.Nf3 O-O 10.O-O Ng4 11.h3 Nh2 12.Nxh2 Bxh2+ 13.Kh1 Bf4 14.Be3 b5 15.Qd2 Bxe3
16.Qxe3 Bb7 17.f4 f6 18.a3 Rae8 19.Rad1 Re7 20.Rd2 Rd8 21.Be2 Ree8 22.Rfd1 d5
23.exd5 exd5 24.Qc5  1-0

[Event "Rilton Cup 2010-11"]
[Site "Stockholm SWE"]
[Date "2011.01.02"]
[Round "6"]
[White "Frisk,E"]
[Black "Bazeev,G"]
[Result "0-1"]
[WhiteElo "2126"]
[BlackElo "2334"]

1.e4 c5 2.Nf3 e6 3.d4 cxd4 4.Nxd4 a6 5.Nc3 b5 6.Bd3 Qb6 7.Nb3 Qc7 8.O-O Bb7
9.Qe2 Be7 10.f4 b4 11.Nd1 Nf6 12.e5 Nd5 13.Ne3 a5 14.Nxd5 Bxd5 15.Be3 Nc6
16.Nd4 Nxd4 17.Bxd4 Rc8 18.b3 O-O 19.Kh1 f5 20.exf6 Bxf6 21.Qh5 h6 22.Be5 d6
23.Bxf6 Rxf6 24.Qg4 Rcf8 25.a3 Qc3 26.axb4 Rxf4 27.Qg6 Rxf1+ 28.Rxf1 Rxf1+
29.Bxf1 Qe1 30.Qd3 axb4 31.h3 Be4 32.Qc4 d5 33.Qc8+ Kh7 34.Kg1 Qe3+ 35.Kh2 Qf2
36.Qa6 Bxc2 37.Bd3+ Bxd3 38.Qxd3+ Qf5 39.Qd4 Qe4 40.Qb6 d4 41.Qxb4 Qe5+ 42.Kg1 d3
43.Qd2 Qc5+ 44.Kf1 Qc2 45.Ke1 Qxb3 46.Qe3 Qb1+ 47.Kf2 Qc2+ 48.Ke1 Kh8 49.Qd2 Qxd2+
50.Kxd2 Kg8 51.Kxd3 Kf7 52.Ke4 Kf6 53.Kf4 e5+ 54.Ke4 Ke6 55.g3 g6 56.Ke3 Kd5
57.Kd3 e4+ 58.Ke3 Ke5 59.Ke2 Kd4 60.Kd2 e3+  0-1

[Event "Australian Open"]
[Site "Cammeray AUS"]
[Date "2011.01.03"]
[Round "2.1"]
[White "Lay,Peter D"]
[Black "Zhao Zong Yuan"]
[Result "0-1"]
[WhiteElo "1987"]
[BlackElo "2586"]

1.e4 c5 2.Nf3 e6 3.d4 cxd4 4.Nxd4 a6 5.Nc3 b5 6.a3 Bb7 7.Bd3 d6 8.O-O Nf6
9.Be3 Be7 10.f3 Nbd7 11.Qe1 O-O 12.Rd1 Rc8 13.Nb3 Qc7 14.Qg3 Ne5 15.Be2 Rfe8
16.Kh1 g6 17.Qf2 d5 18.Bb6 Qb8 19.Ba7 Qa8 20.Bd4 Nc4 21.Bxc4 Rxc4 22.Na5 Rcc8
23.Nxb7 Qxb7 24.exd5 Nxd5 25.Nxd5 Qxd5 26.Bc3 Qc4 27.Rd3 a5 28.Bxa5 Qxc2
29.Rd2 Qb3 30.Rfd1 Bf6 31.Qe2 Rc4 32.Bd8 Bg7 33.h3 h5 34.Kh2 h4 35.Qe1 Bxb2
36.Rxb2 Qxb2 37.Bxh4 Rc2 38.Qf1 Rec8 39.Rb1 Rxg2+ 40.Kh1 Rh2+ 41.Kg1 Qe2
42.Bg5 Rc2 43.Qxe2 Rhxe2 44.h4 Kg7 45.Rd1 Rg2+ 46.Kh1 Rh2+ 47.Kg1 Rcg2+ 48.Kf1 Rh1+
49.Kxg2 Rxd1 50.Be7 e5 51.Kf2 f5 52.Ke2 Rb1 53.Ke3 Rb3+ 54.Ke2 Kf7 55.Bc5 Ke6  0-1

[Event "Berkeley Int Open"]
[Site "Berkeley USA"]
[Date "2011.01.04"]
[Round "5"]
[White "Amanov,Z"]
[Black "Bachmann,Ax"]
[Result "0-1"]
[WhiteElo "2421"]
[BlackElo "2548"]

1.e4 c5 2.Nf3 e6 3.Nc3 a6 4.d4 cxd4 5.Nxd4 Qc7 6.g3 Bb4 7.Bd2 Nc6 8.Nxc6 dxc6
9.Bg2 e5 10.O-O Be7 11.Be3 Nf6 12.h3 Be6 13.f4 Nd7 14.f5 Bc4 15.Rf2 f6 16.b3 Bf7
17.Na4 b5 18.Nb2 Ba3 19.Nd3 Rd8 20.Qg4 c5 21.Rd2 c4 22.Nf2 h5 23.Qe2 Bb4
24.Rdd1 Bc3 25.Rab1 Qa5 26.a4 bxa4 27.bxa4 Qxa4 28.Rd6 Ke7 29.Rbd1 Bb4 30.Re6+ Bxe6
31.fxe6 Nc5 32.Rxd8 Rxd8 33.Qxc4 Qb5 34.Qa2 Qe2  0-1

[Event "23rd Staufer-Open"]
[Site "Leinzell GER"]
[Date "2011.01.04"]
[Round "5"]
[White "Kersten,U"]
[Black "Gruenhagen,M"]
[Result "1/2-1/2"]
[WhiteElo "2325"]
[BlackElo "2128"]

1.e4 c5 2.Nf3 e6 3.Nc3 a6 4.d4 cxd4 5.Nxd4 b5 6.Bd3 Qb6 7.Nf3 Nc6 8.O-O Qb8
9.Bd2 Bd6 10.a4 b4 11.Na2 Nge7 12.c3 bxc3 13.Bxc3 O-O 14.b4 Ng6 15.Rb1 Nce5
16.Nxe5 Nxe5 17.Bc2 Ng6 18.g3 Bb7 19.f4 Qc7 20.Qd2  1/2-1/2

[Event "Rilton Cup 2010-11"]
[Site "Stockholm SWE"]
[Date "2011.01.04"]
[Round "8"]
[White "Markevich,I"]
[Black "Forsberg,V"]
[Result "1/2-1/2"]
[WhiteElo "2175"]
[BlackElo "2255"]

1.e4 c5 2.Nf3 e6 3.Nc3 a6 4.d4 cxd4 5.Nxd4 Qc7 6.g3 Bb4 7.Bd2 Nf6 8.Bg2 Be7
9.O-O Nc6 10.Be3 Na5 11.e5 Qxe5 12.Bf4 Qc5 13.Na4 Qa7 14.Bc7 Nc6 15.Nb6 Rb8
16.Nxc6 bxc6 17.Bxb8 Qxb8 18.Nxc8 Qxc8 19.c4 Qc7 20.a3 c5 21.Qf3 O-O 22.Rfd1 Rb8
23.Rab1 a5 24.h3 h5 25.Qd3 Rb6 26.Rd2 Rd6 27.Qc2 Rxd2 28.Qxd2 Bd6 29.Rd1 Be5
30.b4 cxb4 31.axb4 axb4 32.Qxb4 h4 33.g4 d6 34.Qb5 g5 35.Rb1 Kg7 36.Bf3 Nd7
37.Qc6 Qxc6 38.Bxc6 Nc5 39.Rd1 Kf6 40.Kg2 Ke7 41.Bf3 Bf4 42.Ra1 Nd3 43.Be2 Ne5
44.Ra7+ Kd8 45.Kg1 Bd2 46.Bf1 Bb4 47.Be2 Bc5 48.Ra2 Ke7 49.Rb2 Kf6 50.Rb3 Ng6
51.Rf3+ Nf4 52.Bf1 Ke5 53.Rb3 f6 54.Rb1 Ke4 55.Rc1 f5 56.Rc3 fxg4 57.hxg4 Ng6
58.Kg2 Kf4 59.Be2 Ne5 60.f3 Nc6 61.Bd3 Nd4 62.Be4 Ke5 63.Rd3 Ne2 64.Rd2 Nf4+
65.Kh2 Be3 66.Rd1 d5 67.cxd5 exd5 68.Bf5 d4 69.Be4 Kd6 70.Rb1 Kc5 71.Rb7 d3
72.Rd7 d2 73.Bc2 Kc4 74.Bd1  1/2-1/2

[Event "Australian Open"]
[Site "Cammeray AUS"]
[Date "2011.01.06"]
[Round "5.2"]
[White "Zhao Zong Yuan"]
[Black "Ikeda,J"]
[Result "0-1"]
[WhiteElo "2586"]
[BlackElo "2262"]

1.e4 c5 2.Nf3 e6 3.d4 cxd4 4.Nxd4 a6 5.Nc3 Qc7 6.Bd3 Nf6 7.O-O Bc5 8.Nb3 Be7
9.a4 O-O 10.a5 d6 11.Be3 Nbd7 12.f4 g6 13.Qe2 Re8 14.Na4 Bf8 15.c4 Nh5 16.Nb6 Nxb6
17.Bxb6 Qe7 18.e5 Bh6 19.g3 f6 20.exd6 Qxd6 21.Rad1 Qe7 22.Be4 Ng7 23.Nc5 Rb8
24.b4 g5 25.Rd3 Kh8 26.Kh1 Qf7 27.fxg5 Bxg5 28.Bg2 e5 29.Ne4 Bf5 30.Nxg5 fxg5
31.Rd5 Qe7 32.Bc5 Qe6 33.Rd6 Qc8 34.Rf6 Qd7 35.Bd5 Bg6 36.Qe3 Nh5 37.Rd6 Qg4
38.Qf3 Qh3 39.Qg2  0-1

[Event "1st HDBank Cup"]
[Site "Ho Chi Minh City VIE"]
[Date "2011.01.06"]
[Round "5.21"]
[White "Kongsee,U"]
[Black "Nguyen Anh Dung"]
[Result "1/2-1/2"]
[WhiteElo "2264"]
[BlackElo "2508"]

1.e4 c5 2.Nf3 e6 3.d4 cxd4 4.Nxd4 a6 5.Nc3 b5 6.Bd3 Bb7 7.O-O Qb6 8.Be3 Bc5
9.Nce2 Nf6 10.b4 Bxd4 11.Bxd4 Qc7 12.c4 Nc6 13.Bxf6 gxf6 14.cxb5 Nxb4 15.Rc1 Qe5
16.Nc3 O-O 17.bxa6 Nxa6 18.Re1 Rfc8 19.Re3 Rc7 20.Rg3+ Kf8 21.Qd2 Rac8 22.Bxa6 Bxa6
23.h3 Bb7 24.Kh2 Rc4 25.Qxd7 Bxe4 26.Nxe4 Rxc1 27.Nxf6 Qxf6 28.Qd6+ Qe7 29.Rg8+ Kxg8
30.Qxe7 R1c5 31.g4 Ra5 32.a3 Rca8 33.Qf6 h5 34.Kg3 hxg4 35.hxg4 Rxa3+ 36.Kh4 R8a5
37.f3 Rd5 38.f4 Ra4 39.Kg3 Rda5 40.Kh4 Rc5 41.Kg3 Raa5 42.Kh4 Rcb5 43.Kg3 Rc5
44.Kh4 Rc4 45.Kg3 Ra3+ 46.Kh4 Rc1 47.f5 Rh1+ 48.Kg5 exf5 49.gxf5 Rf3 50.Qd8+ Kh7
51.Qf8 Rg1+ 52.Kf6 Rg6+ 53.Ke5 Rg7 54.Kf6  1/2-1/2

[Event "23rd Staufer-Open"]
[Site "Leinzell GER"]
[Date "2011.01.06"]
[Round "9"]
[White "Kersten,U"]
[Black "Hahn,C"]
[Result "1-0"]
[WhiteElo "2325"]
[BlackElo "2198"]

1.e4 c5 2.Nf3 e6 3.d4 cxd4 4.Nxd4 a6 5.Nc3 b5 6.Bd3 Qb6 7.Nf3 Nc6 8.O-O Qb8
9.Re1 Nge7 10.Be3 d6 11.Qd2 Ng6 12.Nd4 Nge5 13.f4 Nxd4 14.Bxd4 Nc6 15.Bf2 Be7
16.Nd5 Bd8 17.Qc3 O-O 18.Qxc6 Bb7 19.Qd7 exd5 20.exd5 Bc8 21.Qe8 g6 22.Bd4 Qb7
23.Qe3 Ba5 24.c3 Rb8 25.f5 Bb6 26.Kh1 Qxd5 27.Bxb6 Rxb6 28.Qxb6 Qxd3 29.f6 Qc2
30.Rad1 Bg4 31.Qe3  1-0

[Event "Australian Open"]
[Site "Cammeray AUS"]
[Date "2011.01.07"]
[Round "6.7"]
[White "Chen,Pengyu"]
[Black "Nakauchi,G"]
[Result "0-1"]
[WhiteElo "1977"]
[BlackElo "2149"]

1.e4 c5 2.Nf3 e6 3.Nc3 a6 4.d4 cxd4 5.Nxd4 b5 6.Bd3 Qb6 7.Nf3 Qc7 8.O-O Bb7
9.Re1 Nf6 10.e5 Nd5 11.Nxd5 Bxd5 12.a4 b4 13.Bd2 Nc6 14.c4 bxc3 15.Bxc3 Be7
16.Rc1 Qb7 17.Nd2 Nb4 18.Be4 Na2 19.Rb1 Bxe4 20.Nxe4 Nxc3 21.bxc3 Qc7 22.Nd6+ Bxd6
23.Qxd6 Qxd6 24.exd6 O-O 25.Rb7 Rfc8 26.Rxd7 Rxc3 27.Rd1 Kf8 28.g3 Rac8 29.Kg2 g5
30.Ra7 R3c6 31.Rb1 Kg7 32.Rbb7 Rf8 33.d7 Rd8 34.a5 Rd6 35.Rb6 R8xd7 36.Raxa6 Rd2
37.Rb5 h6 38.Rb3 g4 39.Rb4 h5 40.Rc6 Ra2 41.Rc5 Kg6 42.Rb1 Rdd2 43.Rf1 f6
44.Rc6 e5 45.a6 e4 46.Rc3 Rxa6 47.h3 Raa2 48.hxg4 hxg4 49.Re3 f5 50.Kg1 Kg5
51.Kg2 Re2 52.Rxe2 Rxe2 53.Kg1 f4 54.gxf4+ Kxf4 55.Ra1 g3 56.fxg3+ Kf3 57.g4 Rg2+
58.Kf1 e3 59.Ra3 Rxg4 60.Rb3 Ra4 61.Rb1 Ra2 62.Rc1 Rf2+ 63.Kg1 Rg2+ 64.Kh1 Rg5
65.Rc3 Kf2  0-1